000 00787nam a2200301Ia 4500
001 346
003 IT-RoPAU
008 130308s9999 xx 000 0 und d
040 _aIT-RoPAU
040 _cIT-RoPAU
041 _aITALIANO
100 _aMagrelli Enrico
100 _gCodice Aut. SPICS: 4341
245 _aRobert Altman
245 _bRobert Altman
250 _a1a ed.
260 _aFIRENZE
260 _bLa Nuova Italia
260 _c1977 [1° Ed.:1977 - Ed.Ling.Originale:1977]
300 _a"134 p. (prefazione: no ; testo: 134)"
500 _aMonografia del regista Altman in Italiano Filmografia di Altman
650 _aAUTORI/OPERE DEL CINEMA
650 _eCodice materia Spics: 6807
942 _cBK
957 _71
999 _c71840
_d71840
999 _bSI
999 _g1